Normal view
MARC view
- National Cooperative Highway Research Board.
Entry Corporate Name
001 - CONTROL NUMBER
- control field: 22018
003 - CONTROL NUMBER IDENTIFIER
- control field: NUST
005 - DATE AND TIME OF LATEST TRANSACTION
- control field: 20190930113846.0
008 - FIXED-LENGTH DATA ELEMENTS
- fixed length control field: 190930|| aca||aabn | a|a d
040 ## - CATALOGING SOURCE
- Original cataloging agency: NUST
- Transcribing agency: NUST
110 ## - HEADING--CORPORATE NAME
- Corporate name or jurisdiction name as entry element: National Cooperative Highway Research Board.
670 ## - SOURCE DATA FOUND
- Source citation: Work cat.: (NUST)0: Hancher, Donn E. 22015, Use of warranties in road construction /, [1994]
